Statistieken voor Landen van de Wereld in 1945

Klik hier om de quiz te nemen!

Algemene statistieken

  • Deze quiz is 428 keer genomen
  • De gemiddelde score is 62 van 68

Antwoorden op de kaart

Antwoorden kleurgecodeerd door een groen-rode schaal op de quizkaart volgens % correct hieronder.
Laden...
 

Antwoordstatistieken

Country% Correct
Nederland
99%
Canada
99%
Verenigde Staten
98%
Portugal
98%
Frankrijk
98%
Japan
98%
China
98%
Mexico
98%
Spanje
98%
Brazilië
97%
België
97%
Australië
97%
Verenigd Koninkrijk
97%
Noorwegen
96%
Chili
96%
Denemarken
96%
Argentinië
96%
Finland
96%
Italië
95%
Polen
95%
Zweden
95%
Zuid-Afrika
95%
Egypte
95%
Griekenland
94%
Peru
94%
IJsland
94%
Turkije
94%
Iran
94%
Mongolië
93%
Bolivia
93%
Saoedi-Arabië
93%
Colombia
93%
Irak
93%
Cuba
93%
Venezuela
92%
Ierland
92%
Paraguay
91%
Nieuw-Zeeland
91%
Uruguay
91%
Panama
90%
Zwitserland
90%
Thailand
90%
Ecuador
90%
Luxemburg
90%
Nepal
89%
Vaticaanstad
89%
Andorra
89%
Liechtenstein
88%
Bulgarije
88%
Roemenië
88%
San Marino
87%
Monaco
87%
Haïti
87%
Ethiopië
86%
Honduras
86%
Hongarije
86%
Sovjet Unie
85%
Albanië
85%
Afghanistan
83%
Costa Rica
80%
El Salvador
79%
Jemen
79%
Nicaragua
78%
Joegoslavië
78%
Guatemala
78%
Dominicaanse Republiek
78%
Tsjecho-Slowakije
73%
Liberia
70%

Scoreverdeling

Percentiel versus Aantal Correcte Antwoorden

Procent van Mensen met Elke Score

Uw Scoregeschiedenis

U heeft deze quiz nog niet genomen